LEADER 00764nam a2200205 i 4500 001 000000155033 003 CaOOAMICUS 005 20061031000000.0 008 061031s1908 it u000 u ita u 013 $a132382 040 $aSeMil$bita 100 1 $aFranceschi Marini, Evelyn.$0(OLS)http://semarc/name/52216 245 10$aImpressioni artistiche /$cEvelyn. 260 $aMilano :$bA. Solmi,$c1908. 300 $a261 p., [14] p. di tav. ;$c21 cm. 500 $aIn mezzo al front : Con 14 illustrazioni fuori testo. 850 $aSeMil 852 $aSeMil$W1$xVenegono$y1$m5Q I 49$j106884$B106884$CSeMilBibl$Z2$F116172 $81 996 $6245$aImpressioni artistiche$9(OLS)http://semarc/title/226999 996 $6260$aMilano :$bA. Solmi$9(OLS)http://semarc/publisher/48175 LEADER 01440nam a2200313 i 4500 001 000000083014 003 CaOOAMICUS 005 20180419000000.0 008 180419s2008 it u000 u ita u 013 $a55254 040 $aSeMil$bita 245 10$aBrianza :$bfeste, sagre e luoghi di culto /$ca cura di Corrado Bagnoli, Paolo Leveni ; testi di Franca Pirovano, Maria Adelaide Spreafico ; fotografie di Maurizio Esni. 260 $aSeregno :$bSeregn de la memoria,$cstampa 2008. 300 $a204 p. :$bill. ;$c31 cm. 490 0 $aPomm granāa 500 $aDono del Card. Dionigi Tettamanzi. 650 4$aBrianza - Folclore e tradizioni popolari.$0(OLS)http://semarc/subject/40570 700 1 $aBagnoli, Corrado.$0(OLS)http://semarc/name/37708 700 1 $aLeveni, Paolo.$0(OLS)http://semarc/name/37710 700 1 $aEsni, Maurizio.$0(OLS)http://semarc/name/37709 700 1 $aSpreafico, Maria Adelaide <1918-2014>.$0(OLS)http://semarc/name/29624 700 1 $aPirovano, Franca.$0(OLS)http://semarc/name/44807 830 0$aPomm granāa.$0(OLS)http://semarc/title/23725 850 $aSeMil 852 $aSeMil$W1$xVenegono$y1$m3P VI 486$j47741$B47741$CSeMilBibl$Z2$F50613 $81 941 1 $a5 961 $aOmaggio: Tettamanzi Card. Dionigi 996 $6245$aBrianza :$bfeste, sagre e luoghi di culto$9(OLS)http://semarc/title/405364 996 $6260$aSeregno :$bSeregn de la memoria$9(OLS)http://semarc/publisher/33576